| 000 | 00000nam 2200000zi 4500 |
| 001 | 9.928593 |
| 003 | CaOODSP |
| 005 | 20240703102707 |
| 006 | m o d f |
| 007 | cr |n||||||||| |
| 008 | 231012s2023 onc ob f|0| 0 eng d |
| 040 | |aCaOODSP|beng|erda|cCaOODSP |
| 043 | |an-cn--- |
| 086 | 1 |aA104-390/2023E-PDF |
| 245 | 00|aOchratoxin A in selected foods - April 1, 2012 to March 31, 2018 and April 1, 2019 to March 31, 2022 : |bfood chemistry - targeted surveys - final report. |
| 264 | 1|a[Ottawa] : |bCanadian Food Inspection Agency = Agence canadienne d'inspection des aliments, |c[2023] |
| 300 | |a1 online resource (19 pages) |
| 336 | |atext|btxt|2rdacontent |
| 337 | |acomputer|bc|2rdamedia |
| 338 | |aonline resource|bcr|2rdacarrier |
| 500 | |aIssued also in French under title: Ochratoxine A dans certains aliments – 1 avril 2012 au 31 mars 2018 et 1 avril 2019 au 31 mars 2022 : chimie alimentaire – études ciblées – rapport final. |
| 504 | |aIncludes bibliographical references (pages 18-19). |
| 650 | 0|aOchratoxins. |
| 650 | 0|aFood|xMicrobiology|zCanada. |
| 710 | 2 |aCanadian Food Inspection Agency, |eissuing body. |
| 775 | 08|tOchratoxine A dans certains aliments – 1er avril 2012 au 31 mars 2018 et 1er avril 2019 au 31 mars 2022 : |w(CaOODSP)9.928594 |
| 856 | 40|qPDF|s904 KB|uhttps://publications.gc.ca/collections/collection_2023/acia-cfia/A104-390-2023-eng.pdf |
| 856 | 41|qHTML|sN/A|uhttps://inspection.canada.ca/food-safety-for-industry/food-chemistry-and-microbiology/food-safety-testing-reports-and-journal-articles/ochratoxin-a-in-selected-foods/eng/1671631241637/1671631242246 |